Rojo y Negro / (Record no. 52404)
[ view plain ]
| 000 -CABECERA | |
|---|---|
| campo de control de longitud fija | 00586nam a2200205 a 4500 |
| 005 - FECHA Y HORA DE LA ÚLTIMA TRANSACCIÓN | |
| campo de control | 20240501063701.0 |
| 008 - ELEMENTOS DE LONGITUD FIJA--INFORMACIÓN GENERAL | |
| campo de control de longitud fija | 991125s1992 mx 000 0 spa u |
| 020 ## - NÚMERO INTERNACIONAL NORMALIZADO PARA LIBROS | |
| Número Internacional Estándar del Libro | 9684327080 |
| 035 ## - NÚMERO DE CONTROL DEL SISTEMA | |
| Número de control de sistema | UPN01000052404 |
| 049 ## - COLECCIÓN | |
| Colección | CG |
| 050 #4 - SIGNATURA TOPOGRÁFICA DE LA BIBLIOTECA DEL CONGRESO | |
| Número de clasificación | PQ2435 |
| Número de documento/Ítem | R68p 1992 |
| 100 0# - ASIENTO PRINCIPAL--NOMBRE PERSONAL | |
| Nombre de persona | Stendhal, |
| Fechas asociadas al nombre | 1783-1842 |
| 9 (RLIN) | 31043 |
| 245 10 - MENCIÓN DE TÍTULO | |
| Título | Rojo y Negro / |
| Mención de responsabilidad, etc. | Stendal ; introd. de Francisco Montes de Oca. |
| 260 ## - PUBLICACIÓN, DISTRIBUCIÓN, ETC. | |
| Lugar de publicación, distribución, etc. | México : |
| Nombre del editor, distribuidor, etc. | Porrúa, |
| Fecha de publicación, distribución, etc. | 1992. |
| 300 ## - DESCRIPCIÓN FÍSICA | |
| Extensión | 314 p. |
| 440 #0 - MENCIÓN DE SERIE/ASIENTO SECUNDARIO--TÍTULO | |
| Título | Colección sepan cuantos ; |
| Designación de volumen o secuencia | 359 |
| 650 #0 - ASIENTO SECUNDARIO DE MATERIA - TERMINO TEMATICO | |
| Término de materia o nombre geográfico como elemento de entrada | Literatura francesa |
| 9 (RLIN) | 5152 |
| 650 #4 - ASIENTO SECUNDARIO DE MATERIA - TERMINO TEMATICO | |
| Término de materia o nombre geográfico como elemento de entrada | Novela francesa |
| 9 (RLIN) | 8238 |
| 905 ## - TIPO DE MATERIAL | |
| Tipo de material | Libro |
| Estado de retiro | Estado de pérdida | Fuente del sistema de clasificación o colocación | Estado dañado | No para préstamo | Código de colección | Localización permanente | Ubicación/localización actual | Ubicación en estantería | Enumeración/cronología de publicación seriada | Total de préstamos | Clasificación | Código de barras | Fecha visto por última vez | Número de copia | Tipo de ítem Koha |
|---|---|---|---|---|---|---|---|---|---|---|---|---|---|---|---|
| Library of Congress Classification | Colección General | Bib. Gregorio Torres Quintero | Bib. Gregorio Torres Quintero | Planta baja | - | 2 | PQ2435 R68p 1992 | 151427 | 31/12/2020 | 1 | Libro | ||||
| Library of Congress Classification | Colección General | Bib. Gregorio Torres Quintero | Bib. Gregorio Torres Quintero | Planta baja | - | 2 | PQ2435 R68p 1992 | 151428 | 31/12/2020 | 1 | Libro |
